000 00376nam a2200145Ia 4500
008 230312s9999||||xx |||||||||||||| ||und||
020 _a0-7020-4192-1
082 _a617.96
_bAIT-S
100 _aAitkenhead;Alan.R
245 0 _aSmith & Aitkenhead's Textbook of Anaesthesia
260 _bElsevier
_aChina
_c2013
300 _a1070
650 _aMedical
_vAnaesthesia
942 _cBK
999 _c5379
_d5379